|
|
|
|
| LEADER |
01476nam a2200385Ia 4500 |
| 001 |
EBC3572026 |
| 003 |
MiAaPQ |
| 005 |
20200520144314.0 |
| 006 |
m o d | |
| 007 |
cr cn||||||||| |
| 008 |
050915s2005 ne a sb 001 0 eng d |
| 010 |
|
|
|z 2005281913
|
| 020 |
|
|
|z 1578083834 (pbk.)
|
| 020 |
|
|
|z 9076998558 (pbk.)
|
| 020 |
|
|
|z 9789076998558
|
| 020 |
|
|
|z 9789086865390
|
| 035 |
|
|
|a (MiAaPQ)EBC3572026
|
| 035 |
|
|
|a (Au-PeEL)EBL3572026
|
| 035 |
|
|
|a (CaPaEBR)ebr10686751
|
| 035 |
|
|
|a (OCoLC)688656799
|
| 040 |
|
|
|a MiAaPQ
|c MiAaPQ
|d MiAaPQ
|
| 050 |
|
4 |
|a SB112.5
|b .X56 2005
|
| 082 |
0 |
4 |
|a 631.501/5118
|2 23
|
| 100 |
1 |
|
|a Xinyou, Yin.
|
| 245 |
1 |
0 |
|a Crop systems dynamics
|h [electronic resource] :
|b an ecophysiological simulation model for genotype-by-environment interactions /
|c Xinyou Yin, H.H. van Laar.
|
| 260 |
|
|
|a Wageningen, Netherlands :
|b Wageningen Academic Pub. ;
|a Enfield, NH :
|b Science Pub.,
|c 2005.
|
| 300 |
|
|
|a 155 p. :
|b ill.
|
| 504 |
|
|
|a Includes bibliographical references (p. 55-64) and index.
|
| 533 |
|
|
|a Electronic reproduction. Ann Arbor, MI : ProQuest, 2016. Available via World Wide Web. Access may be limited to ProQuest affiliated libraries.
|
| 650 |
|
0 |
|a Crops
|x Growth
|x Mathematical models.
|
| 650 |
|
0 |
|a Crops
|x Genetics.
|
| 655 |
|
4 |
|a Electronic books.
|
| 700 |
1 |
|
|a Laar, H. H. van.
|
| 710 |
2 |
|
|a ProQuest (Firm)
|
| 856 |
4 |
0 |
|u https://ebookcentral.proquest.com/lib/matrademy/detail.action?docID=3572026
|z Click to View
|